00822cam a2200241 a 450000100100000000500170001000800410002702000150006804000250008308200220010810000370013024500690016725000120023626000320024830000210028049000270030165000290032865000310035783000350038804900090042395201330043299900150056500000123620200929145521.0750122s1999 sp 000 p spa d z8437600006 aDO-SdBNPbspacBNPHU a861.6bO87v, 19991 aOtero, Blas de,d1916-19799420710aVerso y prosa /cBlas de Otero ; epílogo de Sabina de la Cruz. a21a ed. aMadrid :bCátedra,c1999. a134 p. ;c18 cm.1 aLetras hispánicasv3 4aPoesía española9631 4aLiteratura española9632 0aLetras hispánicas ;v394208 aBNGR 001054758DSaBNPHUbBNPHUcHDd2009-09-22iLF1l0o861.6 O87v, 1999p1236-10r2020-06-25w2020-06-25yLF1ZPréstamo en sala c1183d1183